| 000 | 00873nam a2200277 a 4500 | ||
|---|---|---|---|
| 001 | BRL_382 | ||
| 005 | 20190320210720.0 | ||
| 008 | 050813s1968----mx-a######---#000-0#spa-# | ||
| 041 | _aspa | ||
| 044 | _amx | ||
| 050 | 4 |
_aF1219 _b.I58 15 1968 |
|
| 100 | 1 |
_aBittmann Simons, Bente _923723 |
|
| 245 | 1 | 0 |
_aLos mapas de Cuauhtinchan y la historia Tolteca-Chichimeca _cBente Bittmann Simons |
| 260 |
_aMéxico _bINAH _c1968 |
||
| 300 |
_a96 p. _bil. _c28 cm. |
||
| 440 | 0 |
_aInvestigaciones _v15 _923724 |
|
| 500 | _aAu351 | ||
| 500 | _aBibliografía: p. 94-96. | ||
| 650 | 1 | 4 |
_aIndígenas de México _xHistoria _922707 |
| 650 | 1 | 4 |
_aManuscritos mexicanos _9781 |
| 650 | 1 | 4 |
_aToltecas _vMapas _xHistoria _923725 |
| 650 | 1 | 4 |
_aChichimecas _vMapas _xHistoria _923726 |
| 710 | 2 |
_aInstituto Nacional de Antropología e Historia (México) _923727 |
|
| 902 | _aGRL | ||
| 942 |
_2lcc _cB |
||
| 999 |
_c9195 _d9195 |
||